[Event "MTO Open"]
[Site "Biel SUI"]
[Date "2000.07.31"]
[Round "7"]
[White "Bunzmann,D"]
[Black "Raetsky,A"]
[Result "1/2-1/2"]
[WhiteElo "2484"]
[BlackElo "2425"]

1.Nf3 d5 2.c4 d4 3.b4 f6 4.e3 e5 5.Bb2 dxe3 6.fxe3 Bxb4 7.a3 Be7 8.Qc2 Nh6
9.Bd3 g6 10.Nc3 Be6 11.O-O Nc6 12.Nd5 Bxd5 13.cxd5 Qxd5 14.Rfc1 Nf7 15.Bc4 Qd7
16.Bxf7+ Kxf7 17.Qb3+ Qe6 18.Qxb7 Na5 19.Qxc7 Nb3 20.Rf1 Kg7 21.Ng5 fxg5
22.Qxe5+ Qxe5 23.Bxe5+ Kh6 24.Bxh8 Rxh8 25.Ra2 Rd8 26.d4 g4 27.Rf7 Bg5 28.Kf2 Re8
29.Rb2 Bxe3+ 30.Kg3 Nxd4 31.Kxg4 Re4+ 32.Kh3 Nf5 33.g4 Re7 34.Rxe7 Nxe7 35.Rb7 Nd5
36.Kg3 g5 37.h4 gxh4+ 38.Kxh4 Kg6 39.Kg3 h6 40.Kf3 Bb6 41.a4 Nf6 42.a5 Bc5  1/2-1/2

[Event "MTO Open"]
[Site "Biel SUI"]
[Date "2000.08.03"]
[Round "10"]
[White "Hess,C"]
[Black "Hofene,D"]
[Result "1/2-1/2"]
[WhiteElo "2296"]
[BlackElo "2164"]

1.Nf3 d5 2.c4 c6 3.e3 g6 4.d4 Bg7 5.Nc3 Nf6 6.Bd3 O-O 7.O-O Nbd7 8.cxd5 cxd5
9.Qb3 e6 10.Bd2 Ne8 11.e4 dxe4 12.Nxe4 a5 13.Rac1 Qb6 14.Qa3 Nef6 15.Nd6 Nd5
16.Nc4 Qd8 17.Qd6 Re8 18.Qg3 N7f6 19.h3 Nh5 20.Qh2 Bf8 21.Nce5 Qd6 22.g4 Ng7
23.Qg2 f6 24.Nc4 Qb8 25.a4 Bb4 26.Qh2 Qxh2+ 27.Kxh2 Bd7 28.Bxb4 axb4 29.Nd6 Reb8
30.b3 Bc6 31.Ne4 Ne8 32.Nc5 Kf7 33.Rfe1 Nec7 34.Kg3 Re8 35.Be4 Rad8 36.g5 Nc3
37.Bxc6 bxc6 38.gxf6 Kxf6 39.Ne4+ Nxe4+ 40.Rxe4 Nd5 41.Rxc6 Rc8 42.Rexe6+ Rxe6
43.Rxc8 Re2 44.Rd8 Nc3 45.Ne5 Rb2 46.Rd6+ Kf5 47.Rb6 Rxb3 48.a5 Ne2+ 49.Kh2 Nxd4
50.Nc6 Nxc6 51.Rxc6 Ra3 52.Rb6 Rxa5  1/2-1/2

[Event "MTO Open 3rd-4th Playoff"]
[Site "Biel SUI"]
[Date "2000.08.04"]
[Round "11"]
[White "Shariyazdanov,A"]
[Black "Galkin,A"]
[Result "1/2-1/2"]
[WhiteElo "2582"]
[BlackElo "2587"]

1.Nf3 d5 2.c4 e6 3.d4 Nf6 4.Nc3 c6 5.cxd5 exd5 6.Qc2 g6 7.Bg5 Be7 8.Bxf6 Bxf6
9.e3 Bf5 10.Bd3 Bxd3 11.Qxd3 Nd7 12.O-O O-O 13.b4 a6 14.a4  1/2-1/2

[Event "TCh-ESP"]
[Site "Barcelona ESP"]
[Date "2000.08.08"]
[Round "4"]
[White "Vassallo,M"]
[Black "Cardenas Valero,J"]
[Result "1-0"]
[WhiteElo "2431"]
[BlackElo "2211"]

1.Nf3 d5 2.c4 e6 3.g3 Nf6 4.Bg2 Be7 5.O-O O-O 6.d4 Nbd7 7.Qc2 c6 8.b3 Ne4
9.Nbd2 f5 10.Bb2 Bd6 11.Ne5 Nxd2 12.Qxd2 Nxe5 13.dxe5 Be7 14.Rad1 Bd7 15.cxd5 cxd5
16.Bxd5  1-0

[Event "Valoz Cup"]
[Site "Olomouc CZE"]
[Date "2000.08.08"]
[Round "9"]
[White "Nyback,T"]
[Black "Jirka,J"]
[Result "0-1"]
[WhiteElo "2162"]
[BlackElo "2302"]

1.Nf3 d5 2.c4 d4 3.b4 c5 4.d3 f6 5.g3 e5 6.Bg2 cxb4 7.a3 b3 8.Qxb3 Ne7 9.O-O Nec6
10.a4 Na6 11.Ba3 Bb4 12.Ne1 Qe7 13.Nc2 Bc5 14.Nd2 O-O 15.Ne4 Bxa3 16.Qxa3 Qxa3
17.Rxa3 Rd8 18.Rb1 f5 19.Ng5 Nc7 20.Nb4 Rd6 21.Rab3 Na5 22.Ra3 h6 23.Nd5 Nxd5
24.Bxd5+ Rxd5 25.cxd5 hxg5 26.Rb5 b6 27.d6 Kf7 28.Rxe5 Be6 29.e3 Nc6 30.Rb5 Rd8
31.a5 Nxa5 32.exd4 Rxd6 33.Rc3 Rd7 34.d5 Bxd5 35.Rc8 Kg6 36.Re8 Nb7 37.Re5 Bc6
38.Rb3 Nc5 39.Rc3 Kf6  0-1

[Event "101st US Open"]
[Site "Saint Paul USA"]
[Date "2000.08.08"]
[Round "4"]
[White "Ritvin,S"]
[Black "Nakamura,A"]
[Result "1/2-1/2"]
[WhiteElo "2240"]
[BlackElo "2143"]

1.Nf3 d5 2.c4 c6 3.d4 Nf6 4.Nc3 dxc4 5.a4 Bf5 6.Nh4 e6 7.Nxf5 exf5 8.e3 Bb4
9.Bxc4 O-O 10.O-O a5 11.h3 g6 12.Qf3 Nbd7 13.Rd1 Qc7 14.g4 fxg4 15.hxg4 h5
16.gxh5 Nxh5 17.e4 Nb6 18.Bb3 Kg7 19.e5 Rae8 20.Ne4 Be7 21.Bg5 f6 22.exf6+ Nxf6
23.Bxf6+ Bxf6 24.Qg4 Rh8 25.Ng3 Qc8 26.Qxc8 Rxc8 27.Ne4 Nd5 28.Nd6 Rc7 29.Re1 Be7
30.Bxd5  1/2-1/2

[Event "TCh-ESP"]
[Site "Barcelona ESP"]
[Date "2000.08.10"]
[Round "6"]
[White "Barrero Garcia,C"]
[Black "Gual Pascual,A"]
[Result "1/2-1/2"]
[WhiteElo "2304"]
[BlackElo "2453"]

1.Nf3 d5 2.c4 c6 3.g3 Bg4 4.Bg2 Nd7 5.O-O e6 6.b3 Ngf6 7.Bb2 Bd6 8.d3 O-O
9.Nc3 Re8 10.h3 Bh5 11.e4 dxc4 12.dxc4 Qc7 13.Qe2 e5 14.Na4 Nc5 15.Nxc5 Bxc5
16.Rfe1 Nd7 17.Bc3 f6 18.b4 Bf8 19.c5 a5 20.a3 axb4 21.axb4 b6 22.cxb6 Nxb6
23.Ra5 Bf7 24.Rea1 Rab8 25.Nd2 Nc8 26.R1a4 Nd6 27.Bf1 Nb5 28.Qe3 Nxc3 29.Ra7 Qb6
30.Qxc3 Bxb4 31.Qc2 Red8 32.Nb3 Bf8 33.Rxf7 Kxf7 34.Ra6 Qb4 35.Bc4+ Kg6 36.Qe2 h5
37.g4 Qc3 38.gxh5+ Kh7 39.Rxc6 Qxh3 40.Be6 Qh4 41.Rc3 Rb6 42.Bf5+ Kh8 43.Kg2 Rdb8
44.Rh3 Qf4 45.Qc4 Rb4 46.Qf7 R4b7 47.Qc4 Qh6 48.Rg3 Rb4 49.Qf7 R4b7 50.Qc4 Rb4  1/2-1/2

[Event "Valoz Cup"]
[Site "Olomouc CZE"]
[Date "2000.08.10"]
[Round "11"]
[White "Nyback,T"]
[Black "Buchnicek,P"]
[Result "1-0"]
[WhiteElo "2162"]
[BlackElo "2398"]

1.Nf3 d5 2.c4 c6 3.b3 Bg4 4.Bb2 Nd7 5.d3 Ngf6 6.Nbd2 e6 7.h3 Bh5 8.e3 Bd6
9.g4 Bg6 10.g5 Nh5 11.Be2 dxc4 12.Nxc4 Bb4+ 13.Kf1 h6 14.a3 Bf8 15.Nfe5 Nxe5
16.Nxe5 hxg5 17.Nxg6 fxg6 18.Rg1 Be7 19.Be5 Nf6 20.d4 Rxh3 21.Bg4 Nxg4 22.Qxg4 Rh4
23.Qxe6 Qd5 24.Qxg6+ Qf7 25.Qxf7+ Kxf7 26.Ke2 Bf6 27.Bg3 Rhh8 28.Rac1 Rad8
29.b4 a6 30.Rgd1 Rhe8 31.Kf3 Kg6 32.a4 Rd5 33.Rc4 Kf5 34.Rb1 g4+ 35.Kg2 Ke4
36.b5 axb5 37.axb5 Rxb5 38.Rxb5 cxb5 39.Rb4 Kd5 40.Rxb5+ Kc6 41.Rc5+ Kd7
42.Rc7+ Ke6 43.Rxb7 Kd5 44.Rd7+ Ke4 45.d5 Ra8 46.d6 Ra1 47.Rb7 Kf5 48.Rb4 Rd1
49.e4+ Ke6 50.e5 Bxe5 51.Re4  1-0

[Event "Valoz Cup"]
[Site "Olomouc CZE"]
[Date "2000.08.10"]
[Round "11"]
[White "Chytilek,R"]
[Black "Kjartansson,G"]
[Result "1-0"]
[WhiteElo "2344"]
[BlackElo "2248"]

1.Nf3 d5 2.c4 c6 3.b3 Bf5 4.g3 Nf6 5.Bg2 e6 6.O-O Be7 7.Bb2 O-O 8.d3 Nbd7
9.Nbd2 Qc7 10.Qc2 Rfd8 11.Rad1 h6 12.Rfe1 a5 13.a3 Rac8 14.Qc3 b5 15.cxb5 cxb5
16.Qxc7 Rxc7 17.Nd4 Bg6 18.Rc1 Rxc1 19.Rxc1 b4 20.Nc6 Re8 21.a4 Bd8 22.Nf3 Bb6
23.Bd4 Ra8 24.Bxb6 Nxb6 25.Rc5 Kf8 26.Rxa5 Rxa5 27.Nxa5 Nfd7 28.Nc6 Nc5 29.Nfd4 Nbxa4
30.bxa4 b3 31.Nxb3 Nxb3 32.a5 Nc5 33.d4 Na6 34.Bf1 f6 35.e4 Be8 36.Bxa6 Bxc6
37.Bc8 Ke7 38.e5 fxe5 39.dxe5 Bd7 40.Ba6 Ba4 41.f4 Kd7 42.Kf2 Bc2 43.Ke3 Kc6
44.Kd4 Bf5 45.Be2 g6 46.g4 Be4 47.Bd3 Bf3 48.g5 hxg5 49.fxg5  1-0

[Event "TCh-ESP"]
[Site "Barcelona ESP"]
[Date "2000.08.11"]
[Round "7"]
[White "Brito Garcia,A"]
[Black "Patino Romaris,J"]
[Result "1-0"]
[WhiteElo "2391"]
[BlackElo "2257"]

1.Nf3 d5 2.c4 e6 3.g3 Nf6 4.Bg2 Be7 5.O-O O-O 6.b3 c5 7.Bb2 Nc6 8.d3 Re8
9.e3 Bf8 10.Qe2 e5 11.cxd5 Nxd5 12.Na3 Ndb4 13.Rfd1 Bf5 14.Ne1 Qd7 15.Nc4 Bg4
16.Bf3 Bxf3 17.Qxf3 Rad8 18.a3 Nd5 19.Rac1 Qe6 20.Qg2 Rd7 21.Rc2 Red8 22.Rdc1 Nb6
23.Re2 Nxc4 24.bxc4 f5 25.e4 f4 26.f3 Bd6 27.Rb1 Bc7 28.Bc3 Ba5 29.Bxa5 Nxa5
30.gxf4 exf4 31.Qg5 Nc6 32.Rg2 Qe5 33.Kh1 b6 34.Qh4 Qe7 35.Qxf4 Ne5 36.Rg5 Nxd3
37.Nxd3 Rxd3 38.Rbg1 Rd1 39.Rd5 Rxg1+ 40.Kxg1 Rf8 41.Qg4 Qf6 42.Kg2 Rd8 43.Qf5 Qe7
44.a4 g6 45.Qg4 Kf7 46.Qf4+ Kg7 47.Qd2 Rxd5 48.cxd5 Qd6 49.f4 a6 50.e5 Qd7
51.Kg3 h5 52.h3 g5 53.fxg5 Qxa4 54.d6 h4+ 55.Kf3 Qd7 56.Kg2 Qc6+ 57.Kf2 Qd7
58.Qf4 Qxh3 59.Qf6+ Kg8 60.g6 Qg3+ 61.Ke2 Qg2+ 62.Kd3 Qd5+ 63.Ke3 Qd4+ 64.Kf3 Qd1+
65.Ke4 Qh1+ 66.Kf5 Qh3+ 67.Kg5 Qe3+ 68.Kh5 Qe2+ 69.Kh6 Qe3+ 70.Qg5  1-0

[Event "101st US Open"]
[Site "Saint Paul USA"]
[Date "2000.08.11"]
[Round "7"]
[White "Ritvin,S"]
[Black "Shabalov,A"]
[Result "0-1"]
[WhiteElo "2240"]
[BlackElo "2601"]

1.Nf3 d5 2.c4 e6 3.d4 Nf6 4.g3 dxc4 5.Bg2 a6 6.O-O Nc6 7.a4 Rb8 8.a5 b5 9.axb6 cxb6
10.Bf4 Bd6 11.Ne5 Ne7 12.Nxc4 Bxf4 13.gxf4 O-O 14.e3 b5 15.Ne5 Nfd5 16.Qh5 g6
17.Qh4 f6 18.Nd3 Nf5 19.Qh3 e5 20.Qf3 Bb7 21.Qg4 Ndxe3 22.fxe3 Nxe3 23.Qe6+ Kh8
24.Bxb7 Qxd4 25.Rf2 Rxb7 26.Ra3 e4 27.Qc6 Rd7 28.Ne1 Ng4 29.Qc2 Nxf2 30.Qxf2 Qd1
31.Nc3 Qg4+ 32.Qg3 Qf5 33.Qe3 Re8 34.Rxa6 g5 35.fxg5 Rg7 36.Ng2 Rxg5 37.Ne2 Qf3  0-1

[Event "TCh-ESP"]
[Site "Barcelona ESP"]
[Date "2000.08.12"]
[Round "8"]
[White "Suba,M"]
[Black "Campos Moreno,J"]
[Result "1/2-1/2"]
[WhiteElo "2487"]
[BlackElo "2491"]

1.Nf3 d5 2.c4 e6 3.d4 Nf6 4.Nc3 Bb4 5.cxd5 exd5 6.Bg5 Nbd7 7.Nd2 c6 8.e3 O-O
9.Bd3 Re8 10.O-O Nf8 11.a3 Be7 12.b4 a6 13.Nb3 Ng4 14.Bxe7 Qc7 15.g3 Qxe7
16.Qf3 Nh6 17.Rfe1 Bh3 18.Bf1 Bxf1 19.Kxf1 Ne6 20.h4 f5 21.Nc5 Rf8 22.Ne2 Ng4
23.Kg2 Nf6 24.Nf4 Nd8 25.a4 Ne4 26.Qd1 Nf7 27.f3 Ned6 28.Qd3 Rfe8 29.Re2 Nh8
30.Rae1 Ng6 31.h5 Nxf4+ 32.exf4 Qf7 33.Re6 b6 34.R1e5 Rxe6 35.Nxe6 Nc4 36.Re1 Re8
37.Ng5 Qxh5 38.g4 Qg6 39.gxf5 Qh5 40.Rxe8+ Qxe8 41.f6 Qg6 42.f7+ Kf8 43.Qxg6 hxg6
44.Kf2 Nb2 45.Kg3 Nc4 46.Kf2 Na3 47.Kg3 Nc4 48.Kf2  1/2-1/2

[Event "ch-FRA Pool A"]
[Site "Vichy FRA"]
[Date "2000.08.15"]
[Round "1"]
[White "Hauchard,A"]
[Black "Anic,D"]
[Result "1-0"]
[WhiteElo "2539"]
[BlackElo "2487"]

1.Nf3 d5 2.c4 c6 3.d4 Nf6 4.Nc3 e6 5.Bg5 Nbd7 6.e3 Qa5 7.cxd5 Nxd5 8.Qd2 Bb4
9.Rc1 O-O 10.Bd3 Re8 11.O-O h6 12.Bh4 c5 13.Bb1 cxd4 14.Qc2 Nf8 15.Nxd5 Qxd5
16.Qa4  1-0

[Event "ECh-u20"]
[Site "Aviles ESP"]
[Date "2000.08.20"]
[Round "5"]
[White "Mateuta,G"]
[Black "Poliakov,D"]
[Result "1-0"]
[WhiteElo "2409"]
[BlackElo "2262"]

1.Nf3 d5 2.c4 c6 3.g3 Nf6 4.b3 Bf5 5.Bg2 e6 6.Bb2 Be7 7.O-O O-O 8.d3 h6 9.Nbd2 Nbd7
10.Re1 Bh7 11.Qc2 Qc7 12.Rad1 Rfe8 13.Qc3 Qb6 14.a3 e5 15.e3 Bf8 16.e4 Ng4
17.Re2 dxe4 18.dxe4 Bc5 19.Rf1 a5 20.h3 Ngf6 21.Qc2 Rad8 22.Rd1 Bd4 23.Nxd4 exd4
24.Nf1 c5 25.f4 Nxe4 26.Rxe4 Re7 27.g4 Bxe4 28.Bxe4 Nf6 29.Bf3 Qd6 30.Bc1 d3
31.Qc3 b6 32.Ng3 g6 33.Kg2 Qd4 34.Bb2 Qxc3 35.Bxc3 Ne8 36.Ne4 Rdd7 37.Rd2 Kf8
38.Nf6 Nxf6 39.Bxf6 Re8 40.Kf2 Re6 41.g5 hxg5 42.fxg5 Red6 43.Bd5  1-0

[Event "zt 2.32"]
[Site "Guatemala City GUA"]
[Date "2000.08.20"]
[Round "6"]
[White "Valdes,Le"]
[Black "Leyva,H"]
[Result "1-0"]
[WhiteElo "2308"]
[BlackElo "2409"]

1.Nf3 d5 2.c4 e6 3.b3 Be7 4.Bb2 Nf6 5.g3 O-O 6.Bg2 b6 7.O-O Bb7 8.e3 c5 9.Qe2 Nbd7
10.Rd1 Qc7 11.Nc3 Rac8 12.Rac1 dxc4 13.bxc4 Rfd8 14.d4 cxd4 15.Nb5 Qb8 16.exd4 a6
17.Nc3 Bf8 18.Bh3 Qa8 19.Ne1 Rc7 20.Nb1 Rdc8 21.Nd2 b5 22.c5 Bd5 23.a3 Ne4
24.Nxe4 Bxe4 25.Bc3 Nf6 26.Ra1 Bc6 27.Bg2 Nd5 28.Ba5 Rd7 29.Bh3 Ne7 30.Nd3 Rxd4
31.Ne5 Rxd1+ 32.Rxd1 Bd5 33.c6 Nxc6 34.Nxf7 Nxa5 35.Bxe6 Bxe6 36.Qxe6 h6
37.Nd6+  1-0

[Event "5th Paks Cup GM"]
[Site "Paks HUN"]
[Date "2000.08.24"]
[Round "6"]
[White "Csom,I"]
[Black "Groszpeter,A"]
[Result "1/2-1/2"]
[WhiteElo "2478"]
[BlackElo "2478"]

1.Nf3 d5 2.c4 d4 3.g3 g6 4.Bg2 Bg7 5.d3 e5 6.O-O Ne7 7.b4 O-O 8.Nbd2 a5 9.b5 c5
10.bxc6 Nexc6 11.Ba3 Nb4 12.Qb3 Qe7 13.Ne1 N8c6 14.Nc2 Bg4 15.Rfe1 Rfc8 16.Rab1 Qc7
17.Nxb4 axb4 18.Bxb4 Nxb4 19.Qxb4 Rxa2 20.h3 Bd7  1/2-1/2

[Event "Open"]
[Site "Porto San Giorgio ITA"]
[Date "2000.08.24"]
[Round "5"]
[White "Badea,B"]
[Black "Bontempi,P"]
[Result "1-0"]
[WhiteElo "2480"]
[BlackElo "2273"]

1.Nf3 d5 2.c4 c6 3.b3 Nf6 4.Bb2 Bf5 5.d3 e6 6.Nbd2 h6 7.a3 Nbd7 8.Qc2 Bh7
9.g3 Bd6 10.Bg2 O-O 11.O-O e5 12.e4 d4 13.b4 c5 14.Nb3 b6 15.bxc5 bxc5 16.Bc1 Rb8
17.Bd2 Bc7 18.Rfb1 Ne8 19.Bh3 f5 20.exf5 Bxf5 21.Bxf5 Rxf5 22.Nh4 Rf6 23.Be1 Nd6
24.Qe2 Qe7 25.Nd2 Rbf8 26.Ne4 Nxe4 27.Qxe4 Qf7 28.Rb7 Bb6 29.a4 g5 30.Qg4 Rxf2
31.Bxf2 Qxf2+ 32.Kh1 Rf7 33.Rxd7 Rxd7 34.Qxd7 gxh4 35.Qd5+ Kh7 36.Qe4+ Kg8
37.gxh4  1-0

[Event "Summer Festival Open"]
[Site "Lisbon POR"]
[Date "2000.08.25"]
[Round "5"]
[White "Sulskis,S"]
[Black "Skytte,R"]
[Result "1-0"]
[WhiteElo "2497"]
[BlackElo "2323"]

1.Nf3 d5 2.c4 d4 3.b4 c5 4.e3 dxe3 5.fxe3 cxb4 6.a3 e6 7.d4 Nf6 8.Bd3 Nc6
9.O-O e5 10.Bc2 Bd6 11.Qe1 b3 12.Bxb3 e4 13.Nfd2 Bc7 14.Kh1 Ng4 15.h3 Qd6
16.Rf4 f5 17.Nc3 Nxe3 18.g3 Nxd4 19.Qxe3 Qh6 20.Ba4+ Kf7 21.Kh2 g5 22.Qxd4 gxf4
23.Qxh8 fxg3+ 24.Kg2 f4 25.Be8+ Ke6 26.Ndxe4 f3+ 27.Kxf3  1-0

[Event "Royal CC NED-GER Match"]
[Site "Venlo NED"]
[Date "2000.08.26"]
[Round "3"]
[White "Bischoff,K"]
[Black "Van den Doel,E"]
[Result "1/2-1/2"]
[WhiteElo "2556"]
[BlackElo "2547"]

1.Nf3 d5 2.c4 dxc4 3.e3 Nf6 4.Bxc4 e6 5.O-O c5 6.b3 Nc6 7.Bb2 Be7 8.Be2 O-O
9.d4 b6 10.dxc5 Bxc5 11.Nbd2 Bb7 12.a3 Rc8 13.Qb1 Nd5 14.Rd1 Be7 15.Nf1 Qc7
16.Ng3 Rfd8 17.Qa2 Nf6 18.b4 Rxd1+ 19.Rxd1 Nb8 20.Qa1 Nbd7 21.Nf1 a6 22.N1d2 b5
23.Rc1 Qb8 24.Rxc8+ Qxc8 25.Bd4 Bd6 26.h3 Qc7 27.Nb3 e5 28.Bb2 Bd5 29.Qd1 h6
30.Nfd2 Nb6 31.Qc1 Qxc1+ 32.Nxc1 Nfd7 33.Ncb3 f5 34.Kf1 Kf7 35.f3 Be6 36.Na5 Nd5
37.e4 Ne3+ 38.Kf2 f4 39.Nf1 Nxf1 40.Kxf1 Nb6 41.Ke1 Ke7 42.Nc6+ Kf6 43.Na5 Bc7
44.Kd1 Na4 45.Ba1 Bxa5 46.bxa5 Bc4 47.Ke1 Bxe2 48.Kxe2 g5 49.Kd2 Ke6 50.Ke2 h5
51.Kf2 Nc5 52.Bc3 Kf6 53.Bb4 Ne6 54.Bc3 Nf8 55.Bb4 Ng6 56.Bc3 Nf8 57.Bb4 Ne6
58.Bc3 g4 59.hxg4 hxg4 60.Ke2 Ng5 61.Bb4 g3 62.Kf1 Ne6 63.Ke2 Nd4+ 64.Kf1 Ke6
65.Kg1 Nc2 66.Kf1 Ne3+ 67.Kg1 Kd7 68.Kh1 Kc7 69.Kg1 Kc6 70.Kh1 Nc2 71.Kg1 Nxb4
72.axb4  1/2-1/2

[Event "ch-HUN KO"]
[Site "Budapest HUN"]
[Date "2000.08.31"]
[Round "2.2"]
[White "Szirmai,Ed"]
[Black "Dudas,Jano"]
[Result "1/2-1/2"]
[WhiteElo "2120"]
[BlackElo "2338"]

1.Nf3 d5 2.c4 c6 3.b3 Bg4 4.e3 e6 5.Bb2 Nf6 6.h3 Bh5 7.d3 Nbd7 8.cxd5 cxd5
9.Be2 Qa5+ 10.Nbd2 Ba3 11.Qc1 Bxb2 12.Qxb2 O-O 13.O-O Rfc8 14.Rfc1 Ne8 15.b4 Qb6
16.a4 Nd6 17.a5 Qd8 18.a6 Rxc1+ 19.Rxc1 bxa6 20.d4 Bxf3 21.gxf3 a5 22.bxa5 Qxa5
23.Ra1 Qc7 24.Nb3 g6 25.Ra6 Nf5 26.Qa2 Nb8 27.Ra5 Nc6 28.Rc5 Qb6 29.Rb5 Qd8
30.Qc2 Qg5+ 31.Kf1 Nce7 32.Qc7 Qh5 33.Nc5 Qxh3+ 34.Ke1 Qh1+ 35.Kd2 Qa1 36.Rb8+ Rxb8
37.Qxb8+ Kg7 38.Qe5+  1/2-1/2

[Event "Open"]
[Site "Abudhabi UAE"]
[Date "2000.09.03"]
[Round "8"]
[White "Mohamed,Ho"]
[Black "Ahmad,H"]
[Result "1/2-1/2"]
[WhiteElo "2173"]
[BlackElo "2155"]

1.Nf3 d5 2.c4 c6 3.Qc2 Nf6 4.g3 dxc4 5.Qxc4 Bf5 6.Bg2 e6 7.Nc3 Nbd7 8.O-O Be7
9.Qb3 Qb6 10.Qc4 O-O 11.d3 Rfd8 12.e4 Bg6 13.Be3 Qa5 14.a3 Ne8 15.b4 Qc7
16.Rfc1 Nb6 17.Bxb6 Qxb6 18.d4 Nd6 19.Qe2 Bh5 20.d5 cxd5 21.exd5 Bg5 22.Na4 Bxf3
23.Bxf3 Qb5 24.Qxb5 Nxb5 25.Rd1 exd5 26.Bxd5 Bf6 27.Ra2 Nd4 28.Nc3 Rac8 29.Rd3 Rxc3
30.Rxc3 Rxd5 31.Rc7 b5 32.Rxa7 Kf8 33.Kg2 Rd6 34.a4 bxa4 35.R2xa4 Rb6 36.Rc7 Ne6
37.Ra8+ Nd8 38.Rc4  1/2-1/2

[Event "It"]
[Site "Herzeliya ISR"]
[Date "2000.09.06"]
[Round "1"]
[White "Boim,I"]
[Black "Kaspi,A"]
[Result "1/2-1/2"]
[WhiteElo "2422"]
[BlackElo "2488"]

1.Nf3 d5 2.c4 e6 3.g3 c6 4.b3 f5 5.Bg2 Nf6 6.O-O Bd6 7.Ba3 e5 8.d4 e4 9.Ne5 O-O
10.f4 exf3 11.exf3 f4 12.Bxd6 Qxd6 13.c5 Qc7 14.Nc3 Nbd7 15.Re1 fxg3 16.hxg3 Nxe5
17.dxe5 Nh5 18.Kh2 Qf7 19.Qd4 g5 20.e6 Bxe6 21.Qe5 Ng7 22.Qxg5 Qd7 23.Re5 Rf5
24.Rxf5 Bxf5 25.Rd1 Qe6 26.Rd2 Qe1 27.Ne2 Re8 28.Nd4 Bd7 29.g4 Re5 30.Rd1 Qe3
31.Qxe3 Rxe3 32.Kg3 Rc3 33.Kf4 Rxc5 34.Re1 Kf7 35.Ke5 Ne8 36.Rh1 Kg7 37.f4 Rc3
38.f5 h6 39.Re1 Rd3 40.Nf3 Kf8 41.Kf4 Nf6 42.Rc1 d4 43.Rc4 Nd5+ 44.Ke4 Re3+
45.Kxd4 Re2 46.Nh4 Rxa2 47.Bxd5 Rd2+ 48.Ke5 Rxd5+ 49.Kf6 Rd6+ 50.Ke5 Rd3
51.Kf6 Rd6+ 52.Ke5 Rd5+  1/2-1/2

[Event "FSIMA September"]
[Site "Budapest HUN"]
[Date "2000.09.08"]
[Round "7"]
[White "Grimm,Sa"]
[Black "Orso,M"]
[Result "1/2-1/2"]
[WhiteElo "2340"]
[BlackElo "2346"]

1.Nf3 d5 2.c4 c6 3.b3 Nf6 4.g3 Bg4 5.Bg2 Nbd7 6.Bb2 e6 7.O-O Be7 8.d3 O-O
9.Nbd2 a5 10.a3 Qb8 11.Qc2 Rc8 12.h3 Bh5 13.Rfe1 b5 14.Nd4 Qb7 15.e4 Bg6
16.Nxc6 Qxc6 17.exd5 Qa6 18.dxe6 Nc5 19.exf7+ Kxf7 20.Nf3 Nxd3 21.Ng5+ Kf8
22.Re6 Qa7 23.Bxa8 Rxa8 24.cxb5 Qb7 25.Rd1 Qxb5 26.Rxe7 Qxg5 27.Bxf6 gxf6
28.Rd7 Nc5 29.Rd8+ Rxd8 30.Rxd8+ Ke7 31.Qd1 Qe5 32.b4 axb4 33.axb4 Qc7 34.Ra8  1/2-1/2

[Event "It"]
[Site "Herzeliya ISR"]
[Date "2000.09.08"]
[Round "3"]
[White "Botvinnik,Il"]
[Black "Zilberman,Y"]
[Result "1/2-1/2"]
[WhiteElo "2425"]
[BlackElo "2488"]

1.Nf3 d5 2.c4 dxc4 3.Qa4+ c6 4.Qxc4 Nf6 5.g3 g6 6.Bg2 Bg7 7.O-O O-O 8.d3 Bg4
9.Nc3 Bxf3 10.Bxf3 Nbd7 11.Bf4 Re8 12.Rab1 e6 13.Rfc1 Nd5 14.Nxd5 exd5 15.Qc2 Bd4
16.Qd2 Qb6 17.e3 Be5 18.d4 Bxf4 19.gxf4 Qd8 20.Kh1 Nb6 21.Rg1 Nc4 22.Qc3 Nd6
23.Rg5 a5 24.Qc2 Kf8 25.Be2 Ne4 26.Rg2 a4 27.Bd3 Qf6 28.Bxe4 Rxe4 29.Qc5+ Qe7
30.Rc1 Qxc5 31.Rxc5 Ke7 32.Rc3 Kd6 33.f3 Re7 34.Kg1 f5 35.h4 b6 36.Rd2 Ra5
37.Kf2 Rb5 38.Ke2 c5 39.dxc5+ bxc5 40.Rcd3 c4 41.Rd4 Kc6 42.Rc2 Reb7 43.e4 fxe4
44.fxe4 Rxb2 45.exd5+ Kd6 46.Rxc4 Rxc2+ 47.Rxc2 Kxd5 48.Ke3 Re7+ 49.Kd3 Re4
50.Rf2 a3 51.f5 Rxh4 52.fxg6 hxg6 53.Rg2 Rh6 54.Kc3 Ke5 55.Kb4 Kf4 56.Kxa3 g5
57.Kb4 g4 58.a4 g3 59.a5 Kf3 60.Rg1 Kf2 61.Ra1 g2 62.Kb5 Rh1 63.Ra2+ Kf3
64.Rxg2 Kxg2  1/2-1/2

[Event "zt 1.1"]
[Site "Mondariz ESP"]
[Date "2000.09.08"]
[Round "6"]
[White "Norris,A"]
[Black "Ryan,J"]
[Result "1-0"]
[WhiteElo "2299"]
[BlackElo "2291"]

1.Nf3 d5 2.c4 c6 3.b3 Nf6 4.g3 dxc4 5.bxc4 e5 6.Bb2 Bc5 7.Nxe5 Bxf2+ 8.Kxf2 Qb6+
9.Kg2 Qxb2 10.Nc3 Qa3 11.Qc2 Qc5 12.Nf3 Qxc4 13.e4 Qe6 14.e5 Ng4 15.h3 Nh6
16.Ne4 O-O 17.Bc4 Qe7 18.g4 Kh8 19.d4 Be6 20.Neg5 g6 21.Bxe6 fxe6 22.Qb3 Re8
23.Ne4 Nf7 24.h4 Na6 25.h5 Kg7 26.Nf6 Rh8 27.g5 Nb4 28.h6+ Kf8 29.Rab1 Nd5
30.Qxb7 Qxb7 31.Rxb7 Nxf6 32.gxf6 Nd8 33.Rd7 Rb8 34.Rb1  1-0

[Event "ch-ARM"]
[Site "Yerevan ARM"]
[Date "2000.09.08"]
[Round "9"]
[White "Nalbandian,T"]
[Black "Asrian,K"]
[Result "0-1"]
[WhiteElo "2465"]
[BlackElo "2566"]

1.Nf3 d5 2.c4 e6 3.g3 Nf6 4.Bg2 Be7 5.O-O O-O 6.b3 a5 7.Nc3 c6 8.d4 b6 9.Qc2 Ba6
10.Rd1 Nbd7 11.e4 dxc4 12.bxc4 Bxc4 13.Ne5 Nxe5 14.dxe5 Nd7 15.Na4 b5 16.Nb2 Qc7
17.Nxc4 bxc4 18.f4 Bc5+ 19.Kh1 Nb6 20.Bb2 Rfd8 21.f5 Rxd1+ 22.Rxd1 Rd8 23.fxe6 fxe6
24.Bh3 Rxd1+ 25.Qxd1 Qe7 26.Bc3 Bb4 27.Bd4 Qd7 28.Qh5 c3 29.Bxb6 c2 30.Bxe6+ Qxe6
31.Be3 Qc4 32.Kg2 Qxe4+  0-1

[Event "chT-POL"]
[Site "Zakopane chT"]
[Date "2000.09.08"]
[Round "6"]
[White "Lobejko,R"]
[Black "Skalik,P"]
[Result "1/2-1/2"]
[WhiteElo "2383"]
[BlackElo "2420"]

1.Nf3 d5 2.c4 e6 3.b3 Nf6 4.g3 Be7 5.Bg2 O-O 6.O-O c5 7.cxd5 Nxd5 8.Bb2 Nc6
9.Nc3 Bf6 10.Qc1 Nxc3 11.Bxc3 e5 12.d3 Nd4 13.Nxd4  1/2-1/2

[Event "zt 1.1"]
[Site "Mondariz ESP"]
[Date "2000.09.10"]
[Round "7"]
[White "Bauer,Ch"]
[Black "Van den Doel,E"]
[Result "1-0"]
[WhiteElo "2562"]
[BlackElo "2547"]

1.Nf3 d5 2.c4 dxc4 3.Qa4+ Nd7 4.Qxc4 e5 5.g3 Bd6 6.Bg2 Ngf6 7.O-O O-O 8.d3 Nb6
9.Qc2 h6 10.b3 Nbd5 11.a3 Ne7 12.Bb2 Nc6 13.Nbd2 Re8 14.Rfe1 Bf5 15.Nh4 Bd7
16.Nc4 Nh7 17.b4 a6 18.e3 Ng5 19.Rf1 Rc8 20.Kh1 Nh7 21.Nf3 Bf5 22.Nfd2 Bf8
23.Ne4 Qd7 24.f4 exf4 25.gxf4 Rcd8 26.Rad1 Be7 27.Rg1 Bf8 28.Bf3 Re6 29.Nc5 Bxc5
30.Rxg7+ Kf8 31.bxc5 Bg6 32.Qg2 Nf6 33.f5 Bxf5 34.Rg3 Ke7 35.e4 Nxe4 36.Rg7 Bg6
37.Bg4 Nxc5 38.Bxe6 Qxe6 39.Rf1 Rxd3 40.Bf6+ Ke8 41.Ne5 Qxe5 42.Bxe5 Be4
43.Bxc7 Bxg2+ 44.Rxg2 Ne7 45.Rg3 Rd5 46.Rgf3 Ne6 47.Bg3 Ng5 48.Rf6 Rd3 49.Rxh6 Rxa3
50.Rh5 f6 51.Rxf6  1-0

[Event "chT-POL"]
[Site "Zakopane chT"]
[Date "2000.09.11"]
[Round "9"]
[White "Socko,B"]
[Black "Matlak,M"]
[Result "1-0"]
[WhiteElo "2528"]
[BlackElo "2469"]

1.Nf3 d5 2.c4 e6 3.e3 Nf6 4.Nc3 Be7 5.b3 O-O 6.Bb2 c5 7.cxd5 exd5 8.d4 Nc6
9.Be2 Bg4 10.dxc5 Bxc5 11.O-O a6 12.Rc1 Ba7 13.Nd4 Bd7 14.Na4 Nxd4 15.Bxd4 Bxa4
16.bxa4 Bxd4 17.Qxd4 Rc8 18.Bf3 Qa5 19.g4 h6 20.h4 Rc6 21.Rxc6 bxc6 22.Rc1 Rb8
23.g5 hxg5 24.hxg5 Nd7 25.Rxc6 Nf8 26.Bxd5 Rd8 27.e4 Ne6 28.Qe3 Rxd5 29.exd5 Qxd5
30.Rc8+ Kh7 31.Rc3 Kg8 32.Rc8+ Kh7 33.f4 Qf5 34.Rc4 Kg8 35.Kh2 Nf8 36.Kg3 Ng6
37.Re4 Qd7 38.Re8+ Nf8 39.Qe7 Qd3+ 40.Kh4 Qh7+ 41.Kg4 f5+ 42.Kg3  1-0

[Event "zt 1.1"]
[Site "Mondariz ESP"]
[Date "2000.09.13"]
[Round "10"]
[White "Norris,A"]
[Black "Grant,J"]
[Result "1/2-1/2"]
[WhiteElo "2299"]
[BlackElo "2208"]

1.Nf3 d5 2.c4 e6 3.b3 c5 4.Bb2 Nc6 5.cxd5 exd5 6.g3 Nf6 7.Bg2 Be7 8.O-O O-O
9.d4 Ne4 10.dxc5 Bxc5 11.Nc3 Nxc3 12.Bxc3 d4 13.Bb2 Re8 14.a3 Bg4 15.b4 Bb6
16.b5 Na5 17.h3 Bxf3 18.Bxf3 Qd7 19.Kg2 Qxb5 20.Bxd4 Rad8 21.e3 Bxd4 22.exd4 Qc4
23.d5 Qc5 24.Qa4 Nc4 25.Rac1 b5 26.Qb4 Rxd5 27.Bxd5 Qxd5+ 28.Kg1 Ne5 29.Rc3 Nf3+
30.Rxf3 Qxf3 31.Qxb5 Qe4 32.Rd1 h6 33.Qd5 Re5 34.Qxe4 Rxe4 35.Rd8+ Kh7 36.Rd7 Ra4
37.Rd3 g5 38.Kg2 h5 39.Kf3 Kg6 40.Rc3 f6 41.g4 h4 42.Kg2 Kf7 43.Rc7+ Ke6
44.Rc6+ Ke7 45.Rc3 a5 46.Rd3 Ke6 47.Re3+ Kd5 48.Rf3 Ke5 49.Rf5+ Ke6 50.Rf3 Rd4
51.Rb3 Ke5 52.Rb5+ Rd5 53.Rb6 f5 54.Rg6 Kf4 55.Rf6 Ke4 56.gxf5 Rxf5 57.Rb6 Kd4
58.a4 Ke4 59.Ra6 Kf4 60.Rg6 Rd5 61.Rf6+ Rf5 62.Rg6 Rd5 63.Rf6+ Ke5 64.Ra6 Kf5
65.Ra8 Re5 66.Kf3 Rc5 67.Rf8+ Kg6 68.Kg4 Rc4+ 69.f4 gxf4 70.Rxf4 Rb4 71.Kf3 Rb3+
72.Kg4 Rb4  1/2-1/2

[Event "World Seniors (Women)"]
[Site "Rowy POL"]
[Date "2000.09.18"]
[Round "7"]
[White "Kozlovskaya,V"]
[Black "Sorokina,T"]
[Result "1-0"]
[WhiteElo "2193"]
[BlackElo "2209"]

1.Nf3 d5 2.c4 e6 3.g3 Nf6 4.Bg2 c6 5.Qc2 Nbd7 6.O-O Be7 7.b3 O-O 8.Bb2 Re8
9.d3 Bf8 10.Nc3 a6 11.e4 dxe4 12.dxe4 e5 13.Nd1 Qc7 14.Ne1 b5 15.Ne3 Qb6
16.Rc1 Bb7 17.Nd3 bxc4 18.Nxc4 Qc7 19.Rfe1 a5 20.Bc3 a4 21.bxa4 Ba6 22.Ndb2 Qa7
23.a5 Rab8 24.h3 Bc5 25.Ne3 Bd4 26.Nf5 c5 27.Nd1 g6 28.Nfe3 Nh5 29.Kh2 Ng7
30.Nd5 f5 31.exf5 gxf5 32.Qd2 Bb7 33.Qg5 Bxd5 34.Bxd5+ Kh8 35.Bc6 Rbc8 36.Bxd7 Qxd7
37.Ne3 Bxc3 38.Rxc3 Qd2 39.Rec1 Qxf2+ 40.Ng2 Qxa2 41.Rxc5 Rxc5 42.Rxc5 Qf7
43.Qc1 Qb7 44.Qc3 Qb8 45.a6 f4 46.gxf4 h6 47.Rxe5 Rxe5 48.Qxe5 Qb6 49.Qa1 Qa7
50.Qa5 Kh7 51.Qb5 Kg6 52.Qb7 Qf2  1-0